000 00287nam a22001097a 4500
008 160613b xxu||||| |||| 00| 0 eng d
020 _a1567931944
041 _aeng
080 _a618.2
245 _aRa for the cnursing sbortage:
_cJulie W. Schaffner; Patti Ludwig Beymer;
942 _2udc
_cBK
999 _c2465
_d2465